000 00416nam a22001697a 4500
003 CEME
005 20210628205435.0
008 210316b xxu||||| |||| 00| 0 eng d
020 _a1-56592-116-X
040 _c.
082 _a005.133-C ++ SAT'C
100 _aBrown, Doug Satir, Gregory
_975562
245 _aC plus plus the core language
260 _aUSA
_bO'REILLY
_c1995
300 _a207P
942 _cBK
_2ddc
999 _c580958
_d580958